MARC

LEADER 00000nam0a2200000 4500
001 270274
005 20231101234330.0
035 |a (RuTPU)RU\TPU\book\293455 
090 |a 270274 
100 |a 20140925d1975 m y0rusy50 ca 
101 0 |a rus 
102 |a RU 
105 |a a j 001zy 
200 1 |a Упругость и прочность цилиндрических тел  |e учебное пособие  |f М. А. Колтунов, Ю. Н. Васильев, В. А. Черных 
210 |a Москва  |c Высшая школа  |d 1975 
215 |a 526 с.  |c ил. 
320 |a Библиогр.: с. 516-523. 
606 1 |a Упругость, теория  |2 stltpush  |3 (RuTPU)RU\TPU\subj\63144  |9 80188 
610 1 |a уравнения 
610 1 |a вязкоупругость 
610 1 |a пространственные задачи 
610 1 |a функции напряжений 
610 1 |a вариационные принципы 
610 1 |a статическая теория 
610 1 |a динамическая теория 
610 1 |a термоупругость 
610 1 |a пространственные задачи 
610 1 |a моделирование 
610 1 |a конечный цилиндр 
610 1 |a осесимметричные задачи 
610 1 |a теория прочности 
610 1 |a учебные пособия 
675 |a 539.3(075.8)  |v 3 
700 1 |a Колтунов  |b М. А.  |g Михаил Андреевич 
701 1 |a Васильев  |b Ю. Н.  |g Юрий Николаевич 
701 1 |a Черных  |b В. А.  |g Виктор Александрович 
801 1 |a RU  |b 63413507  |c 20140925 
801 2 |a RU  |b 63413507  |c 20191105  |g RCR 
942 |c BK